Odes et épodes. (Record no. 80838)
[ view plain ]
| 000 -LEADER | |
|---|---|
| campo de control de longitud fija | 00962nam a2200253 i 4500 |
| 001 - NÚMERO DE CONTROL | |
| campo de control | 80838 |
| 003 - IDENTIFICADOR DE NÚMERO DE CONTROL | |
| campo de control | ES-MaACL |
| 005 - FECHA Y HORA DE LA ÚLTIMA TRANSACCIÓN | |
| campo de control | 20230906174318.0 |
| 007 - CAMPO FIJO DE DESCRIPCIÓN FÍSICA--INFORMACIÓN GENERAL | |
| campo de control de longitud fija | t| |
| 008 - DATOS DE LONGITUD FIJA--INFORMACIÓN GENERAL | |
| campo de control de longitud fija | 041029s1927 fr ||||1| fre d |
| 080 ## - NÚMERO DE LA CLASIFICACIÓN DECIMAL UNIVERSAL | |
| Número de la Clasificación Decimal Universal | 871-14"-00" |
| 100 1# - ENTRADA PRINCIPAL--NOMBRE DE PERSONA | |
| Nombre de persona | Horacio Flaco, Quinto. |
| 9 (RLIN) | 64182 |
| 245 10 - MENCIÓN DEL TÍTULO | |
| Título | Odes et épodes. |
| Número de parte o sección de la obra | Tome I / |
| Mención de responsabilidad, etc. | Horace ; texte établi et traduit par F. Villeneuve. |
| 260 ## - PUBLICACIÓN, DISTRIBUCIÓN, ETC. | |
| Lugar de publicación, distribución, etc. | Paris : |
| Nombre del editor, distribuidor, etc. | Societé d'Edition "Les Belles Lettres", |
| Fecha de publicación, distribución, etc. | 1927 ( |
| Lugar de fabricación/manufactura | Macon : |
| Fabricante | Protat Frères) |
| 300 ## - DESCRIPCIÓN FÍSICA | |
| Extensión | 1 vol. (XLV-231 p., paginación doble p. 6-231) ; |
| Dimensiones | 20 cm. |
| 490 1# - MENCIÓN DE SERIE | |
| Mención de serie | Collection des Universités de France |
| 505 8# - NOTA DE CONTENIDO CON FORMATO | |
| Nota de contenido con formato | Contiene: Introduction : la vie et l'oeuvre d'Horace; Odes et Epodes : livre I, livre II, livre III, livre IV, Chant séculaire, Epodes |
| 700 0# - ENTRADA AGREGADA--NOMBRE PERSONAL | |
| Nombre de persona | Villeneuve, François. |
| 9 (RLIN) | 115249 |
| 740 0# - ENTRADA AGREGADA--TÍTULO RELACIONADO/ANALÍTICO NO CONTROLADO | |
| Título relacionado o analítico no controlado | Odas. |
| 740 0# - ENTRADA AGREGADA--TÍTULO RELACIONADO/ANALÍTICO NO CONTROLADO | |
| Título relacionado o analítico no controlado | Epodos. |
| 830 0# - PUNTO DE ACCESO ADICIONAL DE SERIE-TÍTULO UNIFORME | |
| Título uniforme | Collection des Universités de France |
| 9 (RLIN) | 180876 |
| 852 ## - LOCALIZACIÓN | |
| Ubicación | ES-MaACL |
| Número de control de estantería | C-6821 |
| Estatus retirado | Estado de pérdida | Estado de daño | No para préstamo | Biblioteca de origen | Biblioteca actual | Ubicación en estantería | Fecha de adquisición | Fuente de adquisición | Total de préstamos | Signatura topográfica completa | Código de barras | Visto por última vez | Precio de reemplazo | Tipo de ítem Koha |
|---|---|---|---|---|---|---|---|---|---|---|---|---|---|---|
| Biblioteca del Ateneo de Madrid | Biblioteca del Ateneo de Madrid | Sala Palomar | 17/01/2008 | C-6821 | 1084513 | 23/02/2023 | 23/02/2023 | Libro impreso |
